Statistics for Controversial Places/Countries

Click here to take the quiz!

General Stats

  • This quiz has been taken 43 times
  • The average score is 12 of 20

Answer Stats

Answer% Correct
Kosovo
100%
Taiwan
93%
North Korea
91%
South Korea
91%
Palestine
86%
Greenland
81%
Tibet
74%
Western Sahara
72%
Niger
63%
Transnistria
60%
Corsica
58%
Northern Cyprus
58%
Somaliland
58%
French Polynesia
44%
South Vietnam
44%
New Caledonia
42%
Sealand
40%
Kashmir
23%
Karakalpakstan
16%
Principality of Hutt River
7%

Score Distribution

Percentile by Number Answered

Percent of People with Each Score

Your Score History

You have not taken this quiz